000 00452nam a2200181Ia 4500
001 20804
005 20260306172832.0
008 260306t2018||||xx |||||||||||||| ||spa||
041 _aESP
082 _a343.8
_bC25I
100 _aCanani Hernández, Jennifer
_eAUT
245 0 _aInfracciones tributarias:
_bnovedades normativas
260 _c2018
300 _a64 páginas :
_c23 cm.
650 _aGEN
654 _aCDE
942 _cLIB
_dJUS
_fJUS
_2ddc
_n
999 _c20804
_d20804